000 00643cab a2200193 4500
001 WB3139-49
008 090401t1995 xxu||||| |||| 00| 0 eng d
035 _a(Sirsi) u2963
041 _aeng
245 _aCommunity involvement in planning
260 _c1995
350 _a0
490 _aYorkshire Post
_vFarm and Country Life 13 October 1995, 4(1)
520 _aComplexity of planning rules should not discourage community involvement in planning; this article outlines issues which should be explored in an application.
650 _aPLANNING APPLICATIONS
690 _aPLANNING LAW AND PRACTICE
942 _n0
948 _c04/03/1997
999 _c1785
_d1785